[Event "Xtracon Chess Open 2019"]
[Site "Helsingor DEN"]
[Date "2019.07.27"]
[Round "9.112"]
[White "Zierott, Jan"]
[Black "Rolvag, Birk Anders"]
[Result "1-0"]
[WhiteElo "1783"]
[BlackElo "1956"]
[WhiteFideId "4679040"]
[BlackFideId "1507753"]
[EventDate "2019.07.20"]

1. d4 d5 2. Bf4 Nf6 3. e3 e6 4. Nf3 Be7 5. h3 O-O 6. Bd3 c5 7. c3 Nc6 8. O-O h6
9. Nbd2 Re8 10. Ne5 Nxe5 11. dxe5 Nh7 12. Qh5 f5 13. exf6 Bxf6 14. Bxh6 Nf8 15.
Bf4 e5 16. Bg3 e4 17. Bc2 g6 18. Qe2 Be6 19. f3 exf3 20. Nxf3 d4 21. cxd4 cxd4
22. Rad1 Qb6 23. Nxd4 Bxd4 24. Rxd4 Bxa2 25. Qg4 Be6 26. Qg5 Bf7 27. Qf4 Re7 28.
Bh4 Ne6 29. Qe5 Nxd4 30. Qxe7 Nf5 31. Bxf5 Re8 32. Qg5 Re5 33. Qg4 1-0

[Event "Xtracon Chess Open 2019"]
[Site "Helsingor DEN"]
[Date "2019.07.27"]
[Round "9.113"]
[White "Christensen, Jacob Foged"]
[Black "Viitaniemi, Olli"]
[Result "1-0"]
[WhiteElo "1937"]
[BlackElo "1778"]
[WhiteFideId "1439073"]
[BlackFideId "515361"]
[EventDate "2019.07.20"]

1. d4 c5 2. d5 Nf6 3. c4 b5 4. cxb5 a6 5. bxa6 g6 6. Nc3 Bxa6 7. e3 Bxf1 8. Kxf1
d6 9. Nf3 Bg7 10. g3 O-O 11. Kg2 Nbd7 12. a4 Ra6 13. Ra3 Qa8 14. Re1 Rb8 15. e4
Ng4 16. Nb5 Rc8 17. Nd2 Ngf6 18. Nc4 Ne8 19. Qc2 Nb6 20. b3 Nxc4 21. bxc4 Qb7
22. Bd2 Qd7 23. a5 Nc7 24. Nxc7 Qxc7 25. Rb1 Rca8 26. Rab3 Bd4 27. Rb7 Qd8 28.
Qb3 Kg7 29. Rb8 Rxb8 30. Qxb8 Qd7 31. Qb7 Qa4 32. Qxe7 Qc2 33. Rb7 Qxd2 34.
Qxf7+ Kh6 35. Qxh7+ Kg5 36. h4+ Kf6 37. Qf7+ 1-0

[Event "Xtracon Chess Open 2019"]
[Site "Helsingor DEN"]
[Date "2019.07.27"]
[Round "9.114"]
[White "Jannik, Morten Emil"]
[Black "Bremer, Erik"]
[Result "1-0"]
[WhiteElo "1561"]
[BlackElo "1444"]
[WhiteFideId "1433814"]
[BlackFideId "1411578"]
[EventDate "2019.07.20"]

1. e4 e5 2. Bc4 Nf6 3. d3 Bc5 4. Nf3 Nc6 5. c3 d6 6. O-O a6 7. b4 Ba7 8. Bg5 O-O
9. Nbd2 Be6 10. h3 b5 11. Bb3 Nb8 12. Bc2 Nbd7 13. d4 exd4 14. cxd4 c6 15. e5
dxe5 16. dxe5 h6 17. exf6 hxg5 18. fxg7 Qf6 19. gxf8=Q+ Nxf8 20. Ne4 Qg7 21.
Nexg5 Bd5 22. Bb3 Rd8 23. Bxd5 Rxd5 24. Qc2 Rxg5 25. Nxg5 Qxg5 26. Qxc6 Qe5 27.
Qxa6 Bb8 28. g3 Qg5 29. Qb7 Bxg3 30. fxg3 Qe3+ 31. Kh1 Qe6 32. Qxf7+ 1-0

[Event "Xtracon Chess Open 2019"]
[Site "Helsingor DEN"]
[Date "2019.07.27"]
[Round "9.115"]
[White "Hyldkrog, Lars"]
[Black "Manz, Andreas"]
[Result "1/2-1/2"]
[WhiteTitle "CM"]
[WhiteElo "1932"]
[BlackElo "1770"]
[WhiteFideId "1402781"]
[BlackFideId "24660108"]
[EventDate "2019.07.20"]

1. e4 e5 2. Nf3 Nf6 3. d4 Nxe4 4. Bd3 d5 5. Nxe5 Nd7 6. Nxd7 Bxd7 7. O-O Be7 8.
c4 c6 9. Re1 Nf6 10. Qe2 Be6 11. Bg5 dxc4 12. Bxc4 Bxc4 13. Qxc4 O-O 14. Nc3 h6
15. Bh4 Re8 16. Rad1 Qb6 17. Na4 Qb4 18. Qxb4 Bxb4 19. Rxe8+ Nxe8 20. Nc5 b6 21.
Nd3 Bd6 22. Rc1 Rc8 23. b4 Rc7 24. a4 Rd7 25. Rxc6 Bxb4 26. Rc8 1/2-1/2

[Event "Xtracon Chess Open 2019"]
[Site "Helsingor DEN"]
[Date "2019.07.27"]
[Round "9.116"]
[White "Ben Porat, Tal"]
[Black "Sjol, Henrik"]
[Result "0-1"]
[WhiteElo "1928"]
[BlackElo "1755"]
[WhiteFideId "2804719"]
[BlackFideId "1505629"]
[EventDate "2019.07.20"]

1. e4 c6 2. d4 d5 3. exd5 cxd5 4. Bd3 Nc6 5. c3 Nf6 6. Bf4 Bg4 7. Qb3 Qd7 8. Nd2
e6 9. Ngf3 Bd6 10. Bxd6 Qxd6 11. O-O O-O 12. Rfe1 b5 13. Bxb5 Rab8 14. Qa4 Rfc8
15. Ne5 Ne7 16. Nb3 Bf5 17. Nc5 Rxc5 18. dxc5 Qxc5 19. Be2 Rxb2 20. Nd7 Nxd7 21.
Qxd7 h6 22. Qe8+ Kh7 23. Qxf7 Ng6 24. g3 Ne5 25. Qe8 Nd3 26. Rf1 Rxe2 27. Qh5
Rxf2 0-1

[Event "Xtracon Chess Open 2019"]
[Site "Helsingor DEN"]
[Date "2019.07.27"]
[Round "9.117"]
[White "Wahlgreen, Noah"]
[Black "Rosell, Sven"]
[Result "0-1"]
[WhiteElo "1743"]
[BlackElo "1913"]
[WhiteFideId "1457349"]
[BlackFideId "1707760"]
[EventDate "2019.07.20"]

1. e4 c6 2. d4 d5 3. exd5 cxd5 4. Bd3 Nc6 5. c3 g6 6. Bf4 Bg7 7. Nf3 Bg4 8. h3
Bxf3 9. Qxf3 Qd7 10. O-O Nh6 11. Re1 O-O 12. Nd2 f6 13. Qe3 Nf7 14. Nb3 e5 15.
Bh2 b6 16. a4 Rfe8 17. Qd2 Bh6 18. Qd1 e4 19. Bf1 f5 20. Be2 Ng5 21. a5 Ne6 22.
Kh1 f4 23. Bg4 Qf7 24. Qe2 Nc7 25. Ra2 Bf8 26. Qd2 h5 27. Qxf4 hxg4 28. Qxf7+
Kxf7 29. Bxc7 gxh3 30. gxh3 b5 31. Bf4 Be7 32. Kg2 Rh8 33. Nd2 Bh4 34. Bg3 Bg5
35. Re2 Rh5 36. Ra1 Rah8 37. f3 Bxd2 38. Rxd2 exf3+ 39. Kxf3 Rxh3 40. Kg2 Ne7
41. Re2 Nf5 42. Bf4 R3h4 43. Rf1 Rg4+ 44. Kf3 Rgh4 45. Re5 Kf6 46. Rxd5 Ke6 47.
Re5+ Kf6 48. Ke2 Rh3 49. Kd2 g5 50. Be3 g4 51. Rxb5 Kg6 52. Re5 Rh2+ 53. Rf2 g3
54. Re2 Rxe2+ 55. Kxe2 Rh2+ 56. Kf1 Rxb2 57. Bg1 Nh4 58. Re1 g2# 0-1

[Event "Xtracon Chess Open 2019"]
[Site "Helsingor DEN"]
[Date "2019.07.27"]
[Round "9.118"]
[White "Tolba, Henri"]
[Black "Skovgaard, Ib"]
[Result "1-0"]
[WhiteElo "1752"]
[BlackElo "1911"]
[WhiteFideId "1418246"]
[BlackFideId "1406760"]
[EventDate "2019.07.20"]

1. d4 d5 2. Nf3 Nf6 3. c4 c6 4. Nc3 e6 5. Bg5 dxc4 6. a4 Qb6 7. Bxf6 gxf6 8. Qc1
a5 9. e3 Rg8 10. g3 Qb4 11. Nd2 b5 12. Bg2 Ra6 13. O-O Bd7 14. Nde4 Rg6 15. Qc2
f5 16. Nd2 Qe7 17. Ne2 e5 18. dxe5 Qxe5 19. Nf4 Rd6 20. Nf3 Qe4 21. Qc1 Bg7 22.
Nd4 Qe7 23. Qc2 Kf8 24. Rad1 Rb6 25. Nxf5 Bxf5 26. Qxf5 Bxb2 27. Qc8+ Kg7 28.
Nh5+ Kh6 29. Rxd6+ Qxd6 30. Nf4 Qd7 31. Qf8+ Bg7 32. Qc5 f5 33. Qxb6 Qd6 34.
axb5 a4 35. bxc6 a3 36. Qb1 Nxc6 37. Qxf5 Qe5 38. Qh3+ Kg5 39. Qxh7 Ne7 40. Qh4+
Kf5 41. g4# 1-0

[Event "Xtracon Chess Open 2019"]
[Site "Helsingor DEN"]
[Date "2019.07.27"]
[Round "9.119"]
[White "Norevall, Ulf"]
[Black "Christensen, Tommy"]
[Result "1-0"]
[WhiteElo "1739"]
[BlackElo "1908"]
[WhiteFideId "1705555"]
[BlackFideId "1423266"]
[EventDate "2019.07.20"]

1. d4 Nf6 2. c4 c5 3. d5 e6 4. Nc3 exd5 5. cxd5 d6 6. Nf3 g6 7. e4 a6 8. Bf4 b5
9. Qc2 Bg7 10. Be2 O-O 11. O-O Nh5 12. Bg5 Qc7 13. Nd2 f5 14. Bxh5 gxh5 15. Rae1
f4 16. Nf3 Bg4 17. Kh1 Bxf3 18. gxf3 h6 19. Bxh6 Bxh6 20. e5 Qf7 21. e6 Qf5 22.
Rg1+ Bg7 23. Qxf5 Rxf5 24. e7 Nd7 25. e8=Q+ Rxe8 26. Rxe8+ Kf7 27. Ra8 Bd4 28.
Ne4 Ke7 29. Rxa6 Rxd5 30. Rg6 Nf6 31. Kg2 Bxb2 32. Ng5 Nd7 33. Re6+ Kd8 34. Nf7+
Kc7 35. Nxd6 Ne5 36. Nxb5+ Kd7 37. Rh6 Nf7 38. Ra7+ 1-0

[Event "Xtracon Chess Open 2019"]
[Site "Helsingor DEN"]
[Date "2019.07.27"]
[Round "9.120"]
[White "Nord, Alexander"]
[Black "Christiansen, Torsten Sundgaar"]
[Result "1/2-1/2"]
[WhiteElo "1893"]
[BlackElo "1742"]
[WhiteFideId "1738135"]
[BlackFideId "1419714"]
[EventDate "2019.07.20"]

1. d4 d6 2. Nf3 Nf6 3. g3 Nbd7 4. Bg2 e5 5. c4 Be7 6. O-O O-O 7. b3 c6 8. dxe5
Nxe5 9. Nc3 Nxf3+ 10. exf3 Be6 11. f4 Qa5 12. Bb2 Rad8 13. Re1 Rfe8 14. Qc2 Qh5
15. Ne2 Ng4 16. h3 Nh6 17. Kh2 Ng4+ 18. Kg1 Nh6 19. g4 Bxg4 20. hxg4 Nxg4 21.
Nd4 Qh2+ 22. Kf1 Qxf4 23. Re4 Qg5 24. Qe2 Nh2+ 25. Kg1 d5 26. Re5 Qf6 27. Re1
Kf8 28. Ba3 Qxe5 29. Qxe5 Bxa3 30. Qxe8+ Rxe8 31. Rxe8+ Kxe8 32. Kxh2 dxc4 33.
bxc4 Bc5 34. Nf5 Bxf2 35. Nxg7+ Ke7 36. Nf5+ Ke6 37. Be4 Ke5 38. Bc2 Bc5 39. Kg3
b5 40. cxb5 cxb5 41. Kf3 h5 42. Ng7 h4 43. Nf5 f6 44. Nxh4 Kd4 45. Bb3 a5 46.
Nf5+ Kc3 47. Ng3 Kb2 48. Ne4 Bd4 49. Nd6 a4 50. Bd5 b4 51. Ke4 Be5 52. Ne8 Kc3
53. Kf5 b3 54. Bxb3 axb3 55. axb3 Kxb3 56. Nxf6 Bxf6 57. Kxf6 1/2-1/2

[Event "Xtracon Chess Open 2019"]
[Site "Helsingor DEN"]
[Date "2019.07.27"]
[Round "9.122"]
[White "Bohlin, Jan"]
[Black "Ben Porat, Zeev"]
[Result "1/2-1/2"]
[WhiteElo "1724"]
[BlackElo "1888"]
[WhiteFideId "1758616"]
[BlackFideId "2801051"]
[EventDate "2019.07.20"]

1. d4 Nf6 2. c4 e6 3. Nc3 Bb4 4. Qc2 c5 5. dxc5 Bxc5 6. Nf3 h6 7. e3 O-O 8. Be2
b6 9. O-O Bb7 10. Rd1 Nc6 11. a3 a6 12. h3 Rc8 13. e4 e5 14. b4 Nd4 15. Nxd4
Bxd4 16. Bb2 Nxe4 17. Rxd4 Nxc3 18. Rg4 Nxe2+ 19. Qxe2 f6 20. Rd1 Kh8 21. Qd3
Qe8 22. Qxd7 Rf7 23. Qxe8+ Rxe8 24. Rd6 Bc8 25. Rg3 Rc7 26. Rxb6 Rxc4 27. Rc3
Rxc3 28. Bxc3 Kh7 29. Rc6 1/2-1/2

[Event "Xtracon Chess Open 2019"]
[Site "Helsingor DEN"]
[Date "2019.07.27"]
[Round "9.123"]
[White "Slettebo, Jan"]
[Black "Jarlskov, Daniel Tuk Hartso"]
[Result "0-1"]
[WhiteElo "1888"]
[BlackElo "1716"]
[WhiteFideId "1704958"]
[BlackFideId "1463896"]
[EventDate "2019.07.20"]

1. e4 e5 2. Nf3 Nc6 3. d4 exd4 4. Bc4 Bb4+ 5. c3 dxc3 6. bxc3 Ba5 7. O-O d6 8.
Qb3 Qe7 9. Ba3 Bb6 10. Nbd2 Be6 11. e5 Na5 12. Qa4+ Qd7 13. Bb5 c6 14. Be2 dxe5
15. Ne4 Ne7 16. Nxe5 Qd5 17. Nd6+ Kf8 18. Qf4 f6 19. Nec4 Qg5 20. Qxg5 fxg5 21.
Nxa5 Bxa5 22. Nxb7 Bxc3 23. Rac1 Bf6 24. Rxc6 Bxa2 25. Rd1 Bb2 26. Bc5 Bf6 27.
Rd7 h5 28. Rxf6+ gxf6 29. Rxe7 Re8 30. Re3+ Kg7 31. Be7 Rb8 32. Ba6 Bd5 33. Nd6
Rb1+ 34. Bf1 h4 35. Ne4 Bxe4 36. Rxe4 Rc8 0-1

[Event "Xtracon Chess Open 2019"]
[Site "Helsingor DEN"]
[Date "2019.07.27"]
[Round "9.124"]
[White "Opseth, Oliver"]
[Black "Smeby, Ole"]
[Result "1/2-1/2"]
[WhiteElo "1714"]
[BlackElo "1887"]
[WhiteFideId "1523813"]
[BlackFideId "1503677"]
[EventDate "2019.07.20"]

1. d4 Nf6 2. Bf4 d5 3. Nc3 c6 4. e3 Bf5 5. h3 e6 6. Nf3 Bd6 7. Ne5 Bb4 8. Bd3
Qa5 9. O-O Bxc3 10. bxc3 Qxc3 11. Bxf5 exf5 12. Rb1 b5 13. Rb3 Qa5 14. c4 dxc4
15. Nxc4 bxc4 16. Rxb8+ Rxb8 17. Bxb8 O-O 18. Bd6 Re8 19. Qc2 c3 20. a3 Ne4 21.
Bb4 Qa6 22. Bxc3 Qxa3 23. Bb2 Qd6 24. Qa4 Qd7 25. Rc1 Rc8 26. f3 Nd6 27. d5 Nb5
28. dxc6 Qd3 29. Qf4 f6 30. c7 g5 31. Qc4+ Qxc4 32. Rxc4 Rxc7 33. Rb4 Nc3 34.
Bxc3 Rxc3 35. Rb8+ Kg7 36. Rb7+ Kg6 37. Rxa7 Rxe3 38. Kf2 Rb3 39. Ra2 f4 40. Rc2
h5 41. Ra2 Rb6 42. Rc2 f5 43. Rc4 Rb2+ 44. Kg1 g4 45. hxg4 fxg4 46. fxg4 hxg4
47. Rxf4 Kg5 48. g3 Re2 49. Ra4 Kf5 50. Rf4+ Kg5 1/2-1/2

[Event "Xtracon Chess Open 2019"]
[Site "Helsingor DEN"]
[Date "2019.07.27"]
[Round "9.125"]
[White "Jacobsen, Heidrikur T."]
[Black "Weersing, Abigail Riis"]
[Result "0-1"]
[WhiteElo "1885"]
[BlackElo "1709"]
[WhiteFideId "7200340"]
[BlackFideId "460036"]
[EventDate "2019.07.20"]

1. Nc3 d5 2. e4 dxe4 3. Nxe4 e6 4. Nf3 Nd7 5. d4 Ngf6 6. Ng3 Be7 7. Bd3 b6 8.
O-O O-O 9. c3 Bb7 10. Re1 c5 11. Bg5 h6 12. Be3 cxd4 13. cxd4 Nd5 14. Rc1 N7f6
15. Ne5 Rc8 16. a3 Bd6 17. f4 Nxe3 18. Rxe3 Nd5 19. Rf3 Bxe5 20. fxe5 Qg5 21.
Bc2 Ne3 22. Qd3 Nxc2 23. Rxc2 Bxf3 24. Rxc8 Rxc8 25. gxf3 Qc1+ 26. Kg2 Qxb2+ 27.
Ne2 Rc2 28. Kf1 Rd2 29. Qe4 Qxa3 30. Qa8+ Qf8 31. Qxa7 Qd8 32. Qa4 Rb2 33. Qa3
Rb1+ 34. Kg2 Qd5 35. Nc3 Rb3 36. Nxd5 Rxa3 37. Nxb6 Rd3 38. Nc4 Rxd4 39. Ne3 Kh7
40. Kg3 f5 41. Ng2 g5 42. f4 Kg6 43. h4 Rd3+ 44. Kf2 gxh4 45. Nxh4+ Kh5 46. Ng2
Rd2+ 0-1

[Event "Xtracon Chess Open 2019"]
[Site "Helsingor DEN"]
[Date "2019.07.27"]
[Round "9.126"]
[White "Klitgaard, Ebbe"]
[Black "Nielsen, Jorgen Kamp"]
[Result "1/2-1/2"]
[WhiteElo "1882"]
[BlackElo "1711"]
[WhiteFideId "1414941"]
[BlackFideId "1413279"]
[EventDate "2019.07.20"]

1. c4 e5 2. Nc3 Nf6 3. g3 Bc5 4. e3 O-O 5. Bg2 Re8 6. Nge2 Nc6 7. O-O a6 8. d4
Ba7 9. d5 Na5 10. b3 d6 11. Ne4 Nxe4 12. Bxe4 f5 13. Bg2 Bd7 14. Qc2 b5 15. Bd2
Nb7 16. e4 Rf8 17. Be3 bxc4 18. bxc4 Nc5 19. Bxc5 Bxc5 20. exf5 Bxf5 21. Be4 Qg5
22. Kg2 Qh5 23. Bxf5 Rxf5 24. f4 Raf8 25. h3 Qh6 26. g4 Rxf4 27. Nxf4 exf4 28.
Rf3 Qf6 29. Re1 Rb8 30. Qe4 Rb2+ 31. Kh1 g5 32. Rb3 Rxb3 33. axb3 a5 34. Qe8+
Qf8 35. Qe6+ Kh8 36. Qd7 Be3 37. Qf5 Qxf5 38. gxf5 Kg7 39. Kg2 Kf6 40. Kf3 Kxf5
41. Re2 h5 42. Rg2 Bc5 43. Ra2 1/2-1/2

[Event "Xtracon Chess Open 2019"]
[Site "Helsingor DEN"]
[Date "2019.07.27"]
[Round "9.127"]
[White "Satre, Roger"]
[Black "Olsen, Karsten Kierkegaard"]
[Result "1-0"]
[WhiteElo "1867"]
[BlackElo "1670"]
[WhiteFideId "1510320"]
[BlackFideId "1416944"]
[EventDate "2019.07.20"]

1. d4 e6 2. Nf3 d5 3. c4 Nf6 4. Bf4 Bd6 5. Bg3 c6 6. e3 Ne4 7. Nbd2 Nxg3 8. hxg3
Nd7 9. Bd3 h6 10. O-O Nf6 11. Ne5 Bxe5 12. dxe5 Nh7 13. Qc2 Nf8 14. f4 dxc4 15.
Nxc4 Nd7 16. Nd6+ Ke7 17. Rad1 f5 18. Bxf5 exf5 19. Nxf5+ Kf7 20. Qc4+ Kg6 21.
Nh4+ Kh7 22. Qe4+ Kg8 23. e6 Qe7 24. Ng6 1-0

[Event "Xtracon Chess Open 2019"]
[Site "Helsingor DEN"]
[Date "2019.07.27"]
[Round "9.128"]
[White "Yilmaz, Kazim"]
[Black "Koch-Muller, Oscar"]
[Result "1/2-1/2"]
[WhiteElo "1647"]
[BlackElo "1866"]
[WhiteFideId "1514326"]
[BlackFideId "1447955"]
[EventDate "2019.07.20"]

1. e4 e6 2. d4 d5 3. exd5 exd5 4. Nf3 Bd6 5. Bd3 Nc6 6. O-O Nge7 7. c3 Bg4 8.
Bg5 f6 9. Bh4 Qd7 10. Nbd2 O-O-O 11. b4 g5 12. Bg3 Ng6 13. Bxd6 Qxd6 14. a4 Nf4
15. Qc2 Ne7 16. Rfe1 h5 17. b5 h4 18. c4 Nxd3 19. Qxd3 Bf5 20. Qa3 Qxa3 21. Rxa3
Ng6 22. h3 g4 23. hxg4 Bxg4 24. c5 Rdg8 25. Kh2 Nf4 26. Rb1 Re8 27. Re3 Rxe3 28.
fxe3 Ne2 29. Re1 Nc3 30. Ra1 Re8 31. Nf1 h3 32. N3d2 hxg2 33. Kxg2 a6 34. bxa6
bxa6 35. Ra3 Nd1 36. Kg3 Bd7 37. Kf3 Rg8 38. Ke2 Nb2 39. a5 Bb5+ 40. Kf2 Nd3+
41. Kf3 Kd7 42. Ng3 Ke6 43. Ndf1 Nb2 44. Ra2 Bxf1 45. Rxb2 Bd3 46. Rd2 Bc4 47.
Rb2 Rh8 48. Kg2 Bd3 49. Rb3 Bc4 50. Rb2 Bd3 51. Rb3 Bb5 52. Rb2 f5 53. Kf3 Kf6
54. Kg2 Kg5 55. Kf3 c6 56. Rg2 Kf6 57. Rb2 Bd3 58. Kg2 Bb5 59. Kf3 Bd3 1/2-1/2

[Event "Xtracon Chess Open 2019"]
[Site "Helsingor DEN"]
[Date "2019.07.27"]
[Round "9.129"]
[White "Woltery, Nicolai"]
[Black "Hina, Ariza"]
[Result "1-0"]
[WhiteElo "1865"]
[BlackElo "1651"]
[WhiteFideId "436887"]
[BlackFideId "1525441"]
[EventDate "2019.07.20"]

1. d4 d5 2. c4 e6 3. Nc3 Nf6 4. cxd5 exd5 5. Bg5 c6 6. e3 Be7 7. Bd3 Be6 8. Qc2
h6 9. Bf4 Nbd7 10. h3 O-O 11. Nge2 b6 12. O-O c5 13. Ba6 cxd4 14. exd4 Nh5 15.
Bh2 Ndf6 16. Bb7 Bd6 17. Bxd6 Qxd6 18. Bxa8 Rxa8 19. Qd3 Nh7 20. Rac1 Rd8 21. f4
N7f6 22. Nb5 Qe7 23. Rc7 Bd7 24. Rcc1 Bf5 25. Qd2 Ne4 26. Qe1 Nhf6 27. Ng3 Qd7
28. Nc3 Re8 29. Nxf5 Qxf5 30. Kh2 Nc5 31. Qd2 Nce4 32. Qc2 Qg6 33. Rf3 Qh5 34.
Kg1 Qh4 35. g4 g5 36. Qg2 gxf4 37. Rxf4 Nxc3 38. bxc3 Re3 39. Rf3 Rxf3 40. Qxf3
Qg5 41. Rf1 Kg7 42. Kg2 Qg6 43. Qf5 Ne4 44. Qxg6+ fxg6 45. Rf3 b5 46. Re3 Kf6
47. Kf3 Nd2+ 48. Ke2 Ne4 49. Kd3 a6 50. Rxe4 1-0

[Event "Xtracon Chess Open 2019"]
[Site "Helsingor DEN"]
[Date "2019.07.27"]
[Round "9.130"]
[White "Borrmann, Laurenz"]
[Black "Andersen, Daniel"]
[Result "1-0"]
[BlackTitle "FM"]
[WhiteElo "1623"]
[BlackElo "1864"]
[WhiteFideId "312187930"]
[BlackFideId "1402714"]
[EventDate "2019.07.20"]

1. e4 e6 2. d4 d5 3. Nd2 Be7 4. exd5 exd5 5. Ngf3 Bg4 6. Bd3 Nf6 7. O-O O-O 8.
Re1 Nbd7 9. h3 Bh5 10. Nf1 Bg6 11. Ng3 Bxd3 12. Qxd3 Re8 13. Bf4 c6 14. Re2 c5
15. Rae1 c4 16. Qd1 Bf8 17. Ne5 Nb6 18. Bg5 Re6 19. Nxf7 Rxe2 20. Nxd8 Rxe1+ 21.
Qxe1 Rxd8 22. Bxf6 gxf6 23. Qe6+ 1-0

[Event "Xtracon Chess Open 2019"]
[Site "Helsingor DEN"]
[Date "2019.07.27"]
[Round "9.131"]
[White "Berg, Margar M."]
[Black "Lye, Sigurd"]
[Result "1/2-1/2"]
[WhiteElo "1857"]
[BlackElo "1593"]
[WhiteFideId "7200021"]
[BlackFideId "1539345"]
[EventDate "2019.07.20"]

1. d4 Nf6 2. c4 g6 3. g3 Bg7 4. Bg2 O-O 5. Nf3 d6 6. O-O Nbd7 7. Nc3 e5 8. dxe5
dxe5 9. Ng5 Nc5 10. b4 Ne6 11. Nge4 Nxe4 12. Nxe4 f5 13. Ng5 e4 14. Rb1 Bf6 15.
Nh3 Qxd1 16. Rxd1 Nd4 17. Bf1 Be6 18. e3 Nf3+ 19. Kg2 Rfd8 20. Rxd8+ Rxd8 21.
Nf4 Bf7 22. Nd5 Bxd5 23. cxd5 Ne1+ 24. Kg1 Nd3 25. Bxd3 exd3 26. Bd2 Rxd5 27.
Rb3 Kf7 28. f4 h5 29. Kf2 Ke6 30. Kf3 c6 31. e4 fxe4+ 32. Kxe4 g5 33. Rxd3 Rxd3
34. Kxd3 gxf4 35. Bxf4 Kd5 36. h3 Bg7 37. g4 hxg4 38. hxg4 b6 39. g5 Be5 40. g6
Bg7 41. Bb8 a6 42. Bc7 c5 43. bxc5 bxc5 44. Bf4 c4+ 45. Kc2 Ke4 46. Bd2 1/2-1/2

[Event "Xtracon Chess Open 2019"]
[Site "Helsingor DEN"]
[Date "2019.07.27"]
[Round "9.132"]
[White "Bredeli, Kent-Ove I"]
[Black "Haraldsson, Leif"]
[Result "0-1"]
[WhiteElo "1515"]
[BlackElo "1857"]
[WhiteFideId "1522124"]
[BlackFideId "1710648"]
[EventDate "2019.07.20"]

1. d4 f5 2. Nf3 Nf6 3. Bf4 e6 4. e3 d5 5. c4 c6 6. Bd3 Bd6 7. Bg3 O-O 8. Nbd2
Ne4 9. Bxd6 Qxd6 10. O-O Nd7 11. h3 Rf6 12. Be2 Rh6 13. Nxe4 fxe4 14. Nh2 e5 15.
dxe5 Nxe5 16. cxd5 cxd5 17. Qb3 b6 18. f4 exf3 19. Bxf3 Be6 20. Qd1 Rd8 21. Ng4
Rg6 22. Qe2 Nxg4 23. Bxg4 Bxg4 24. hxg4 Re8 25. Rac1 Qe5 26. Rf5 Qe4 27. Rc7 a5
28. Qd2 Rd8 29. Rf4 Qe5 30. Rf5 Qxc7 31. Rxd5 Rgd6 0-1

[Event "Xtracon Chess Open 2019"]
[Site "Helsingor DEN"]
[Date "2019.07.27"]
[Round "9.133"]
[White "Amin, Idris"]
[Black "Stromhaug, Kristoffer Wang"]
[Result "1-0"]
[WhiteElo "1853"]
[BlackElo "1566"]
[WhiteFideId "1746022"]
[BlackFideId "1533401"]
[EventDate "2019.07.20"]

1. d4 d5 2. Bf4 Bf5 3. e3 e6 4. Bd3 Bg6 5. h4 f6 6. h5 Bf7 7. c3 Bd6 8. Qg4 Bxf4
9. Qxg7 Bh6 10. Qxh8 Nc6 11. Bxh7 Ne7 12. Bg6 f5 13. Qh7 1-0

[Event "Xtracon Chess Open 2019"]
[Site "Helsingor DEN"]
[Date "2019.07.27"]
[Round "9.134"]
[White "Lye, Sverre"]
[Black "Zheng, Jerry Z"]
[Result "1-0"]
[WhiteElo "1839"]
[BlackElo "1553"]
[WhiteFideId "1539353"]
[BlackFideId "460990"]
[EventDate "2019.07.20"]

1. e4 e6 2. d3 d5 3. Qe2 Be7 4. Nf3 Nf6 5. g3 c5 6. Bg2 Nc6 7. O-O b5 8. exd5
exd5 9. d4 c4 10. Bf4 O-O 11. Nbd2 Re8 12. Qd1 Qb6 13. c3 Bf5 14. Re1 Bf8 15.
Ne5 Nxe5 16. Bxe5 Rad8 17. Qf3 g6 18. h3 h5 19. Rad1 Ne4 20. Qf4 Nxd2 21. Bc7
Bd6 22. Bxb6 Bxf4 23. Bxd8 Rxd8 24. gxf4 Ne4 25. Bxe4 Bxe4 26. Re3 a5 27. a3 Kg7
28. Rde1 Kf6 29. Kh2 Bf5 30. Re8 Rd7 31. Rb8 Ra7 32. Rxb5 Be6 33. Re5 a4 34. Kg3
Ra6 35. Kh4 Ra8 36. Rb6 Ra7 37. Rxd5 1-0

[Event "Xtracon Chess Open 2019"]
[Site "Helsingor DEN"]
[Date "2019.07.27"]
[Round "9.135"]
[White "Rempe, Jonas"]
[Black "Huse, Arne Kjelsbol"]
[Result "1-0"]
[WhiteElo "1839"]
[BlackElo "1419"]
[WhiteFideId "16202406"]
[BlackFideId "1520709"]
[EventDate "2019.07.20"]

1. e4 e5 2. Nf3 Nc6 3. Bb5 Bc5 4. Nxe5 Nxe5 5. d4 Bd6 6. dxe5 Bxe5 7. O-O c6 8.
Bc4 Qb6 9. Qh5 Kd8 10. Qxe5 f6 11. Qg3 g6 12. Bxg8 Rxg8 13. Qh4 c5 14. Nc3 Qe6
15. Nd5 Rf8 16. Nxf6 Rxf6 17. Bg5 Ke7 18. e5 Kf7 19. Qxh7+ Kf8 20. exf6 1-0

[Event "Xtracon Chess Open 2019"]
[Site "Helsingor DEN"]
[Date "2019.07.27"]
[Round "9.136"]
[White "Weber, Andreas"]
[Black "Ramkilde, Mikael"]
[Result "0-1"]
[WhiteElo "1704"]
[BlackElo "1957"]
[WhiteFideId "24652504"]
[BlackFideId "1439391"]
[EventDate "2019.07.20"]

1. Nf3 Nf6 2. g3 e6 3. Bg2 b5 4. O-O Bb7 5. d3 d5 6. Nbd2 Be7 7. Re1 O-O 8. e4
c5 9. e5 Nfd7 10. Nf1 d4 11. h4 Nc6 12. Qe2 Qc7 13. Bf4 Rfd8 14. N1h2 Nf8 15. h5
Nb4 16. g4 Nd5 17. Bg3 h6 18. g5 hxg5 19. Ng4 Qb6 20. h6 g6 21. Qd2 Nh7 22. a4
bxa4 23. Rxa4 Qxb2 24. Nf6+ Ndxf6 25. exf6 Bxf6 26. Raa1 Bd5 27. Bc7 Rdc8 28.
Ba5 Qb7 29. Rab1 Qc6 30. Qe2 Qd6 31. Nh2 Bxg2 32. Kxg2 Qd5+ 33. Kg1 c4 34. Ng4
Qxa5 35. Nxf6+ Nxf6 36. dxc4 Qf5 37. Rb3 Qg4+ 0-1

[Event "Xtracon Chess Open 2019"]
[Site "Helsingor DEN"]
[Date "2019.07.27"]
[Round "9.137"]
[White "Moller, Arne Vang"]
[Black "Wheat, Bob"]
[Result "1-0"]
[WhiteElo "1872"]
[BlackElo "1702"]
[WhiteFideId "1406175"]
[BlackFideId "30913640"]
[EventDate "2019.07.20"]

1. e4 c5 2. Nf3 g6 3. c3 Nf6 4. d3 Bg7 5. h3 Nc6 6. Be3 d6 7. Be2 O-O 8. Na3 b6
9. Nc2 Bb7 10. Qd2 e5 11. Bh6 d5 12. Bxg7 Kxg7 13. exd5 Nxd5 14. O-O-O Rc8 15.
Kb1 a6 16. h4 h5 17. g4 Qf6 18. gxh5 Qf4 19. Qe1 Rh8 20. hxg6 fxg6 21. Ng5 Rce8
22. f3 Nf6 23. Qf2 Bc8 24. Rdg1 Rh5 25. Qg2 Bf5 26. Ne4 Rd8 27. Ng3 Rh6 28.
Nxf5+ Qxf5 29. Ne3 Qf4 30. Ng4 Rh7 31. Nxf6 Qxf6 32. h5 Ne7 33. Qg4 b5 34. Rh2
Kf7 35. hxg6+ Qxg6 36. Qxg6+ 1-0